Požární bezpečnost elektrických instalací

Saved in:
Bibliographic Details
Main Author Burant, Jiří, 1961- (Author)
Format Book
LanguageCzech
Published Pardubice : IN-EL, 2025
EditionDruhé - přepracované vydání
SeriesElektro (IN-EL)
Subjects
ISBN978-80-88624-18-9
Physical Description232 stran : ilustrace (převážně barevné) ; 21 cm

Cover

LEADER 00000aam a2200000 i 4500
001 115520
003 CZ-ZlUTB
005 20260429082905.0
007 ta
008 250710s2025 xr a e f 000 0 cze
015 |a cnb003695586 
020 |a 978-80-88624-18-9  |q (brožováno) 
040 |a BOA001  |b cze  |d ZLD002  |e rda 
072 7 |a 621.3  |x Elektrotechnika  |2 Konspekt  |9 19 
080 |a 614.841.3  |2 MRF 
080 |a 621.316  |2 MRF 
080 |a 621.315.1/.3  |2 MRF 
080 |a 621.315.2  |2 MRF 
080 |a (035)  |2 MRF 
100 1 |a Burant, Jiří,  |d 1961-  |7 mzk2004232294  |4 aut 
245 1 0 |a Požární bezpečnost elektrických instalací /  |c Jiří Burant 
250 |a Druhé - přepracované vydání 
264 1 |a Pardubice :  |b IN-EL,  |c 2025 
300 |a 232 stran :  |b ilustrace (převážně barevné) ;  |c 21 cm 
336 |a text  |b txt  |2 rdacontent 
337 |a bez média  |b n  |2 rdamedia 
338 |a svazek  |b nc  |2 rdacarrier 
490 1 |a Elektro ;  |v svazek 124 
504 |a Obsahuje bibliografii 
650 0 7 |a požární bezpečnost  |7 ph241645  |2 czenas 
650 0 7 |a elektrické instalace  |7 ph114438  |2 czenas 
650 0 7 |a elektrická vedení  |7 ph114436  |2 czenas 
650 0 7 |a kabelová vedení  |7 ph114853  |2 czenas 
650 0 9 |a fire safety  |2 eczenas 
650 0 9 |a electric wiring  |2 eczenas 
650 0 9 |a electric conduits  |2 eczenas 
650 0 9 |a cable lines  |2 eczenas 
655 7 |a příručky  |7 fd133209  |2 czenas 
655 9 |a handbooks and manuals  |2 eczenas 
710 2 |a IN-EL (firma)  |7 pna20261292419  |4 pbl 
830 0 |a Elektro (IN-EL) 
910 |a ZLD002 
942 |2 udc 
952 |0 0  |1 0  |4 0  |5 0  |6 6213BURANTJ  |7 0  |8 BOOK  |9 190848  |a UTBZL  |b UTBZL  |c 005  |d 2026-04-24  |l 0  |o 621.3/BURANT,J.  |p 420010202000  |r 2026-04-24 10:37:59  |v 590.00  |w 2026-04-24  |x N:nákup  |y 01 
992 |a BK  |b SK 
999 |c 115520  |d 115520